[Event "Tournoi n27401"]
[Site "www.echecsemail.com"]
[Date "2026.02.12"]
[Round "1"]
[White "Geantvert"]
[Black "Breton"]
[WhiteElo "1840"]
[BlackElo "1980"]
[Result "0-1"]
1.c4 c5
2.Nb1c3 Nb8c6
3.g3 Ng8f6
4.Bf1g2 e6
5.e3 d6
6.Ng1e2 Bf8e7
7.O-O O-O
8.d4 Bc8d7
9.d5 exd5
10.Nc3xd5 Ra8b8
11.b3 Nf6xd5
12.Bg2xd5 Nc6b4
13.e4 Bd7g4
14.Kg2 Qd8d7
15.Rf1e1 b5
16.a3 Nb4xd5
17.exd5 Qd7f5
18.Qd1d2 bxc4
19.bxc4 Rb8b3
20.Ne2c3 Qf5f3
{ abandon }0-1

[Event "Tournoi n27307"]
[Site "www.echecsemail.com"]
[Date "2026.02.12"]
[Round "1"]
[White "Gonzok67"]
[Black "Cyrilf"]
[WhiteElo "1840"]
[BlackElo "1940"]
[Result "0-1"]
1.e4 c6
2.d4 d5
3.exd5 cxd5
4.Ng1f3 Ng8f6
5.c3 g6
6.g3 Bf8g7
7.Bf1g2 Nb8c6
8.O-O O-O
9.Nb1d2 Bc8g4
10.Qd1c2 Rf8e8
11.Rf1e1 Bg4f5
12.Qc2b3 b6
13.Nd2f1 Nf6g4
14.h3 Ng4f6
15.g4 Bf5e4
16.Nf1d2 e6
17.Nd2xe4 Nf6xe4
18.Qb3c2 b5
19.Bc1f4 a5
20.Re1xe4 dxe4
21.Qc2xe4 Nc6e7
22.Ra1d1 Ne7d5
23.Bf4g3 a4
24.a3 Ra8c8
25.Bg3e5 f6
26.Be5g3 Nd5b6
27.Nf3e1 Re8e7
28.Qe4e2 Nb6c4
29.Kh1 f5
30.f3 Qd8f8
31.Ne1d3 Rc8e8
32.g5 e5
33.dxe5 Nc4xe5
34.Nd3xe5 Bg7xe5
35.Bg3xe5 Re7xe5
36.Qe2f2 Qf8e7
37.f4 Re5e1
38.Rd1xe1 Qe7xe1
39.Qf2g1 Qe1xg1
40.Kxg1 Re8e2
41.Bg2d5 Kg7
42.b4 axb3
43.Bd5xb3 Re2e3
44.a4 Re3xc3
45.Bb3e6 bxa4
46.Kg2 Rc3c2
47.Kf3 a3
48.h4 a2
49.Be6xa2 Rc2xa2
50.Kg3 Ra2a3
51.Kg2 Kf7
52.Kh2 Ra3f3
53.h5 Rf3xf4
54.Kh3 Rf4g4
55.hxg6 hxg6
56.Kh2 f4
57.Kh3 Rg4xg5
58.Kh4 Kf6
{ abandon }0-1

[Event "Tournoi n27455"]
[Site "www.echecsemail.com"]
[Date "2026.02.12"]
[Round "1"]
[White "Jlr"]
[Black "Mokanne"]
[WhiteElo "1420"]
[BlackElo "1410"]
[Result "1-0"]
1.e4 d6
2.d3 e5
3.h4 Bf8e7
4.g3 Bc8d7
5.Bf1e2 Ng8f6
6.Bc1g5 h6
7.Bg5xf6 Be7xf6
8.Nb1c3 c5
9.Nc3d5 Bd7c6
10.c4 Bc6xd5
11.exd5 a6
12.Qd1a4 Kf8
13.Be2g4 Ra8a7
14.Ng1f3 h5
15.Bg4f5 g6
16.Bf5e4 Kg7
17.O-O-O Qd8d7
18.Qa4xd7 Nb8xd7
19.b3 Bf6e7
20.a4 b6
21.Kc2 Rh8a8
22.Nf3h2 Nd7f6
23.Be4g2 b5
24.axb5 axb5
25.Rd1b1 Ra7a2
26.Rb1b2 Ra2xb2
27.Kxb2 b4
28.Nh2f3 Nf6g4
29.Rh1f1 Be7f6
30.Bg2h3 e4
31.d4 Bf6xd4
32.Nf3xd4 f5
33.Bh3xg4 fxg4
34.Nd4e6 Kf6
35.Rf1e1 Ra8e8
36.Re1xe4 Re8e7
37.Re4f4 Ke5
38.Ne6g5 Re7g7
39.Ng5e6 Rg7g8
40.Rf4f7 Ke4
41.Ne6g5 Kd3
42.Rf7f6 Ke2
43.Ng5e4 Rg8e8
44.Ne4xd6 Re8g8
45.Nd6b7 g5
46.Nb7xc5 gxh4
47.Nc5e4 Rg8e8
48.Ne4d6 Kf1
49.Nd6xe8 Kg2
50.gxh4 Kh3
51.Ne8g7 Kxh4
52.d6 { abandon }1-0

[Event "Eq:modesty-LES CHATTERBOX :"]
[Site "www.echecsemail.com"]
[Date "2026.02.12"]
[Round "1"]
[White "Onetwoyve"]
[Black "Zax"]
[WhiteElo "1940"]
[BlackElo "2290"]
[Result "1/2-1/2"]
1.e4 d5
2.exd5 Qd8xd5
3.Nb1c3 Qd5d6
4.Bf1b5 Nb8c6
5.d4 Bc8d7
6.Ng1e2 Ng8f6
7.Bc1f4 e5
8.dxe5 Nc6xe5
9.Bf4xe5 Qd6xe5
10.Bb5xd7 Nf6xd7
11.O-O O-O-O
12.Qd1d4 Qe5xd4
13.Ne2xd4 Bf8c5
14.Ra1d1 g6
15.Nc3e4 Bc5b6
16.Nd4f3 f5
17.Ne4g5 Nd7f6
18.Ng5f7 Rd8xd1
19.Rf1xd1 Rh8e8
20.Kf1 Nf6e4
21.Nf3d4 Re8e7
22.Nd4e6 Re7d7
23.Rd1xd7 Kxd7
24.Ne6g5 Ne4xf2
25.Ng5xh7 Nf2e4
26.Nf7e5 Ke6
27.Ne5xg6 Bb6e3
28.Ng6h4 Be3h6
29.Nh4f3 Kf7
30.h4 Kg7
31.Nh7g5 Bh6xg5
32.hxg5 Kg6
33.Ke2 Ne4xg5
{ nul }1/2-1/2

[Event "Tournoi n27441"]
[Site "www.echecsemail.com"]
[Date "2026.02.12"]
[Round "1"]
[White "Ozon"]
[Black "Hermite"]
[WhiteElo "1620"]
[BlackElo "1530"]
[Result "0-1"]
1.e4 e5
2.Ng1f3 d6
3.Nb1c3 Ng8f6
4.d4 Bf8e7
5.Bf1c4 h6
6.Bc1e3 c6
7.O-O b5
8.Bc4d3 Nb8d7
9.dxe5 dxe5
10.a3 O-O
11.b4 Nf6g4
12.Be3d2 Be7h4
13.g3 Bh4e7
14.Nf3h4 Be7xh4
15.Qd1xg4 Bh4f6
16.Bd2xh6 Nd7c5
17.Qg4h5 Nc5e6
18.Bh6e3 Bf6g5
19.Nc3d1 Bg5xe3
20.Nd1xe3 Ne6g5
21.Kh1 Qd8f6
22.f4 Ng5h7
23.fxe5 Qf6e6
24.c4 Bc8d7
25.c5 Ra8e8
26.Ra1d1 Qe6xe5
27.Qh5h4 Qe5g5
28.Qh4xg5 Nh7xg5
29.e5 Re8xe5
30.Ne3c2 Bd7h3
31.Rf1g1 Ng5f3
32.Bd3f1 Nf3xg1
33.Kxg1 Bh3g4
34.Rd1d6 Bg4f5
35.Nc2d4 Bf5g4
36.Nd4xc6 Re5e1
37.Kf2 Rf8e8
38.Kg2 Re8e3
39.Nc6d4 Re1d1
40.Kf2 Re3e1
41.Bf1g2 Re1e7
42.h3 Rd1d2
43.Kg1 Re7e1
44.Bg2f1 Bg4xh3
{ abandon }0-1

[Event "Défi( 10J+24H/c 10J Max )"]
[Site "www.echecsemail.com"]
[Date "2026.02.12"]
[Round "1"]
[White "Utopia65"]
[Black "Xercott"]
[WhiteElo "1520"]
[BlackElo "1810"]
[Result "0-1"]
1.c4 Ng8f6
2.d3 g6
3.g3 Bf8g7
4.Bf1g2 d6
5.Bc1f4 e5
6.Bf4g5 h6
7.Bg5d2 Bc8e6
8.Bg2xb7 Nb8d7
9.Bb7xa8 Qd8xa8
10.f3 O-O
11.Qd1c2 Kh7
12.Bd2c3 Nf6g4
13.Bc3d2 Nd7c5
14.h3 Ng4f6
15.Nb1c3 Nf6h5
16.Kf2 f5
17.Kg2 Nh5f6
18.Bd2e3 g5
19.Be3f2 Nf6d7
20.e4 f4
21.b3 fxg3
22.Bf2xg3 Nd7f6
23.h4 gxh4
24.Bg3f2 Nf6h5
25.Nc3e2 Nc5d7
26.Bf2xh4 Rf8g8
27.Bh4f2 Bg7f6
28.Kf1 Nh5f4
29.Qc2d2 Bf6g5
30.Qd2d1 Nd7c5
31.Bf2xc5 dxc5
32.Ne2xf4 Bg5xf4
33.Ng1e2 Bf4e3
34.Qd1e1 Qa8f8
35.Ne2g3 Qf8xf3
{ abandon }0-1

[Event "Eq:Les Rois du Succes-Fair play :"]
[Site "www.echecsemail.com"]
[Date "2026.02.12"]
[Round "1"]
[White "Mb2021"]
[Black "Rons"]
[WhiteElo "2070"]
[BlackElo "2580"]
[Result "0-1"]
1.d4 Ng8f6
2.c4 e6
3.g3 c5
4.d5 exd5
5.cxd5 d6
6.Bf1g2 g6
7.Nb1c3 Bf8g7
8.Ng1f3 O-O
9.O-O Rf8e8
10.Nf3d2 Nb8d7
11.a4 a6
12.Nd2c4 Nd7e5
13.Qd1b3 Ne5xc4
14.Qb3xc4 b5
15.Qc4d3 c4
16.Qd3c2 b4
17.Nc3d1 a5
18.Nd1e3 Bc8a6
19.Ne3xc4 Qd8c7
20.b3 Ba6xc4
21.bxc4 Nf6d7
22.Ra1b1 Ra8c8
23.Bc1f4 Nd7b6
24.Rb1c1 Qc7xc4
25.Qc2xc4 Rc8xc4
26.Bf4xd6 Rc4xc1
27.Rf1xc1 Nb6xa4
28.Bd6c7 Na4c3
29.Rc1f1 Re8xe2
30.Bc7xa5 b3
31.d6 Re2d2
32.Rf1e1 b2
33.Re1e8 Bg7f8
34.Ba5xc3 b1Q
35.Bg2f1 Rd2d1
36.d7 Rd1xf1
37.Kg2 Rf1g1
38.Kf3 Qb1d3
{ abandon }0-1

[Event "Tournoi n27453"]
[Site "www.echecsemail.com"]
[Date "2026.02.12"]
[Round "1"]
[White "U27940"]
[Black "Alain64"]
[WhiteElo "2080"]
[BlackElo "2060"]
[Result "1-0"]
1.d4 Ng8f6
2.c4 e6
3.Bc1g5 Bf8b4
4.Nb1d2 c5
5.a3 Bb4xd2
6.Qd1xd2 cxd4
7.Ng1f3 h6
8.Bg5xf6 Qd8xf6
9.Qd2xd4 Qf6xd4
10.Nf3xd4 a6
11.e3 Nb8c6
12.b4 e5
13.Nd4f5 O-O
14.Bf1e2 Kh7
15.O-O g6
16.Nf5d6 f5
17.Ra1d1 Rf8d8
18.Rd1d5 e4
19.h4 Nc6e7
20.Rd5d2 b6
21.Rf1d1 Ra8a7
22.Nd6f7 Rd8f8
23.Nf7e5 Ne7c6
24.Ne5xd7 Bc8xd7
25.Rd2xd7 Rf8f7
26.Rd7xf7 Ra7xf7
27.Rd1d6 Rf7c7
28.b5 axb5
29.cxb5 Nc6e5
30.Rd6xb6 h5
31.Rb6d6 Rc7c2
32.Kf1 Rc2a2
33.f4 Ne5g4
34.Be2xg4 hxg4
35.Rd6a6 g3
36.Ra6a7 Kh6
37.b6 Ra2a1
38.Ke2 Ra1a2
39.Ke1 Ra2a1
40.Kd2 Ra1g1
41.Ra7a4 Rg1xg2
42.Kc3 Rg2e2
43.b7 Kh5
44.b8Q g2
45.Ra4a6 Re2xe3
46.Kc4 Re3g3
47.Qb8h8 Kg4
48.Ra6xg6 Kh3
49.Rg6xg3 Kxg3
50.Qh8c3 Kh2
51.Qc3d2 Kh1
52.Qd2e3 g1Q
53.Qe3h3 Qg1h2
54.Qh3xh2 Kxh2
55.Kd4 Kg3
56.Ke3 Kxh4
57.a4 { abandon }1-0

[Event "Coupe Niveau 5"]
[Site "www.echecsemail.com"]
[Date "2026.02.12"]
[Round "1"]
[White "Patau"]
[Black "Alain64"]
[WhiteElo "1650"]
[BlackElo "2060"]
[Result "0-1"]
1.e4 c5
2.Ng1f3 e6
3.d4 cxd4
4.Nf3xd4 a6
5.Nb1c3 Qd8c7
6.Bf1d3 Ng8f6
7.O-O Nb8c6
8.Bc1e3 Bf8b4
9.a3 Bb4xc3
10.bxc3 d5
11.exd5 exd5
12.Rf1e1 O-O
13.Nd4xc6 bxc6
14.Be3c5 Rf8d8
15.Qd1f3 Bc8e6
16.Bc5d4 Nf6g4
17.Qf3g3 Qc7xg3
18.hxg3 Rd8c8
19.f3 c5
20.Bd4e5 Ng4xe5
21.Re1xe5 g6
22.Ra1b1 c4
23.Bd3f1 Rc8b8
24.Re5e1 Be6f5
25.Rb1b4 a5
26.Rb4xb8 Ra8xb8
27.Kf2 Rb8b2
28.Re1e8 Kg7
29.Re8e2 Rb2a2
30.g4 Bf5e6
31.g3 Ra2xa3
32.Re2e3 Ra3a2
33.Re3e2 Kf6
34.Bf1g2 a4
35.f4 a3
36.Bg2f3 Ra2b2
37.Re2e1 Rb2xc2
38.Ke3 Rc2xc3
{ abandon }0-1

[Event "Michael Tal 30"]
[Site "www.echecsemail.com"]
[Date "2026.02.12"]
[Round "1"]
[White "Ficherre"]
[Black "Orosco"]
[WhiteElo "2070"]
[BlackElo "2220"]
[Result "1-0"]
1.e4 e5
2.Ng1f3 Nb8c6
3.Bf1c4 Ng8f6
4.Nf3g5 d5
5.exd5 Nf6xd5
6.Ng5xf7 Kxf7
7.Qd1f3 Qd8f6
8.Bc4xd5 Ke8
9.Bd5xc6 Qf6xc6
10.Qf3xc6 bxc6
11.d3 Kf7
12.Nb1c3 Bc8f5
13.Bc1e3 Bf8b4
14.Be3d2 Bb4xc3
15.Bd2xc3 e4
16.dxe4 Bf5xe4
17.O-O-O Ra8d8
18.f3 Be4g6
19.Rh1e1 Rd8xd1
20.Re1xd1 Bg6f5
21.Bc3e5 Rh8c8
22.Rd1d4 Bf5e6
23.Rd4a4 a6
24.Ra4xa6 Be6c4
25.Ra6xc6 Bc4d5
26.Rc6xc7 Rc8xc7
27.Be5xc7 { abandon }1-0

[Event "Défi"]
[Site "www.echecsemail.com"]
[Date "2026.02.12"]
[Round "1"]
[White "Solnic"]
[Black "Lancien57"]
[WhiteElo "1250"]
[BlackElo "1420"]
[Result "0-1"]
1.d4 d5
2.f4 Ng8f6
3.e3 Nb8c6
4.Ng1h3 e6
5.Bc1d2 Bf8e7
6.Nh3g5 h6
7.Bf1b5 hxg5
8.O-O Bc8d7
9.Nb1c3 a6
10.Bb5a4 Nc6a5
11.fxg5 Nf6e4
12.Nc3xe4 dxe4
13.Bd2xa5 Bd7xa4
14.b3 Ba4b5
15.c4 Bb5c6
16.d5 exd5
17.cxd5 Bc6b5
18.Ra1c1 Be7d6
19.Qd1d4 Bb5xf1
20.Rc1xf1 Qd8xg5
21.Qd4xe4 Qg5e5
22.Qe4f3 b6
23.Qf3xf7 Kd8
24.Ba5d2 Rh8f8
25.Qf7g6 Qe5xh2
0-1

[Event "Défi"]
[Site "www.echecsemail.com"]
[Date "2026.02.13"]
[Round "1"]
[White "Woluwe1975"]
[Black "Wenoketo"]
[WhiteElo "1660"]
[BlackElo "1730"]
[Result "0-1"]
1.e4 c6
2.c4 e6
3.a3 d6
4.Nb1c3 Ng8f6
5.d4 Bf8e7
6.Bf1e2 O-O
7.Bc1e3 Nb8d7
8.Be2f3 Nd7b6
9.b3 Bc8d7
10.Ng1e2 Qd8c7
11.O-O Ra8d8
12.Qd1c2 e5
13.dxe5 dxe5
14.Rf1d1 Bd7e6
15.Rd1xd8 Rf8xd8
16.Ra1d1 Rd8xd1
17.Qc2xd1 Nb6c8
18.c5 Qc7d7
19.Qd1c2 Be7d8
20.b4 Bd8c7
21.h3 Nc8e7
22.Kh2 Nf6e8
23.Qc2d2 Qd7xd2
24.Be3xd2 f6
25.g3 Ne7g6
26.b5 cxb5
27.Nc3xb5 Bc7b8
28.Bd2b4 Be6c4
29.Nb5d6 Ne8xd6
30.cxd6 Ng6f8
31.Ne2c3 a5
32.Bb4c5 Nf8d7
33.Bc5e3 Bb8xd6
34.a4 Kf7
35.Bf3d1 Ke6
36.Kg2 Bd6c5
37.Bd1g4 Kd6
38.Bg4xd7 Bc5xe3
39.fxe3 Kxd7
40.g4 Kc6
41.Kf3 b5
42.axb5 Bc4xb5
43.h4 a4
44.g5 a3
45.Nc3a2 Bb5c4
46.Na2c3 a2
47.Nc3xa2 Bc4xa2
48.gxf6 gxf6
49.Kg4 Kd6
50.Kf5 Ke7
51.Kg4 Ba2b1
52.Kf5 Kf7
53.h5 Ke7
54.Kg4 Bb1xe4
55.h6 Ke6
56.Kg3 Kf5
57.Kh4 Kg6
{ abandon }0-1

[Event "Défi( 10J+24H/c 10J Max )"]
[Site "www.echecsemail.com"]
[Date "2026.02.13"]
[Round "1"]
[White "Ravanh"]
[Black "Jerem51"]
[WhiteElo "2240"]
[BlackElo "2350"]
[Result "1-0"]
1.d4 Ng8f6
2.Nb1c3 d5
3.Bc1f4 e6
4.e3 Bf8b4
5.Bf1d3 O-O
6.Ng1e2 Nb8c6
7.h3 h6
8.O-O Bb4d6
9.a3 e5
10.dxe5 Nc6xe5
11.Bd3b5 c6
12.Bb5a4 Bc8f5
13.b4 Bf5g6
14.Ba4b3 Qd8e7
15.Ne2g3 a5
16.Qd1d4  { temps }1-0

[Event "Défi( 10J+24H/c 10J Max )"]
[Site "www.echecsemail.com"]
[Date "2026.02.13"]
[Round "1"]
[White "Jerem51"]
[Black "Lucas05"]
[WhiteElo "2320"]
[BlackElo "2480"]
[Result "0-1"]
1.d4 Ng8f6
2.c4 g6
3.Nb1c3 Bf8g7
4.e4 O-O
5.Ng1f3 d6
6.Bf1e2 e5
7.O-O exd4
8.Nf3xd4 Rf8e8
9.f3 Nb8d7
10.Bc1g5 c6
11.Qd1d2 Qd8c7
12.Nd4c2 Nd7c5
13.Rf1d1 Nf6h5
14.g4 Qc7b6
15.Nc2d4 Bc8xg4
16.fxg4 Nc5xe4
 { temps }0-1

[Event "Tournoi n27323"]
[Site "www.echecsemail.com"]
[Date "2026.02.13"]
[Round "1"]
[White "Jetjet91330"]
[Black "Ponaparte"]
[WhiteElo "2090"]
[BlackElo "2160"]
[Result "1-0"]
1.d4 Ng8f6
2.Ng1f3 c5
3.d5 b5
4.Bc1g5 g6
5.Bg5xf6 exf6
6.e4 Qd8b6
7.Nb1c3 a6
8.Bf1e2 d6
9.Qd1d2 Bf8g7
10.O-O O-O
11.Nf3h4 Nb8d7
12.Nc3d1 c4
13.c3 Nd7c5
14.Be2f3 a5
15.Nd1e3 Bc8a6
16.Ne3c2 Nc5d3
17.Nc2d4 b4
18.Ra1b1 f5
19.exf5 Bg7xd4
20.cxd4 Qb6xd4
21.g3 Kg7
22.Qd2e3 Qd4xe3
23.fxe3 c3
24.bxc3 bxc3
25.Bf3d1 Nd3b4
26.Rf1f2  { temps }1-0

[Event "Jean 8"]
[Site "www.echecsemail.com"]
[Date "2026.02.13"]
[Round "1"]
[White "Woluwe1975"]
[Black "Petitlulu64"]
[WhiteElo "1640"]
[BlackElo "1720"]
[Result "1/2-1/2"]
1.d4 d5
2.c4 e6
3.Ng1f3 Ng8f6
4.e3 dxc4
5.Bf1xc4 Bf8d6
6.O-O Bc8d7
7.Nb1c3 O-O
8.Nf3e5 Nb8c6
9.Ne5xc6 Bd7xc6
10.f3 a6
11.Nc3e2 b5
12.Bc4d3 Nf6d5
13.Ne2g3 Bd6xg3
14.hxg3 Nd5b4
15.Bd3e2 Nb4d5
16.e4 Nd5f6
17.Bc1g5 h6
18.Bg5xf6 Qd8xf6
19.Kf2 Rf8d8
20.Qd1c2 Qf6xd4
21.Ke1 Qd4b4
22.Qc2c3 Qb4xc3
23.bxc3 Rd8d6
24.Ra1d1 Rd6xd1
25.Be2xd1 Ra8d8
26.Bd1c2 e5
27.Ke2 a5
28.Rf1d1 Rd8xd1
29.Kxd1 Bc6b7
30.a3 c5
31.Ke2 f6
32.Ke3 Kf7
33.f4 exf4
34.gxf4 g6
35.g3 h5
36.Bc2b1 b4
37.axb4 cxb4
38.cxb4 axb4
39.Bb1a2 Ke7
40.Ba2b3 Kd6
41.Kd4 Bb7a6
42.Bb3f7 Ba6e2
43.Bf7xg6 b3
44.Kc3 Be2d1
45.Bg6f7 Kc5
46.e5 fxe5
47.fxe5 Kb5
48.e6 b2
49.Kxb2 Kc5
50.e7 Bd1a4
51.Bf7xh5 Kd5
52.Kc3 Ke4
53.e8Q Ba4xe8
54.Bh5xe8 Kf3
55.g4 Kxg4
1/2-1/2

[Event "Tournoi n27423"]
[Site "www.echecsemail.com"]
[Date "2026.02.13"]
[Round "1"]
[White "Nicadria22"]
[Black "Vvvv"]
[WhiteElo "1900"]
[BlackElo "1710"]
[Result "0-1"]
1.e4 g6
2.d4 d6
3.h3 Bf8g7
4.Ng1f3 Nb8d7
5.c3 b6
6.Bc1e3 Bc8b7
7.Bf1d3 c5
8.Nb1d2 Ng8f6
9.O-O O-O
10.Rf1e1 e6
11.Be3f4 cxd4
12.Bf4xd6 dxc3
13.Bd6xf8 cxd2
14.Qd1xd2 Nd7xf8
15.Qd2b4 Nf8d7
16.Ra1d1 Bg7f8
17.Qb4d2 a5
18.Bd3b5 Bf8b4
19.Qd2d3 Bb4xe1
20.Nf3xe1 Bb7xe4
21.Qd3d6 Ra8a7
22.g4 Nf6e8
23.Qd6d4 Be4d5
24.Ne1d3 Qd8h4
25.Qd4e3 Ne8f6
26.b3 Nf6xg4
27.Qe3g3 Qh4xg3
28.fxg3 Ng4e5
29.Nd3f4 Ne5f3
30.Kf2 Nf3e5
31.Nf4xd5 exd5
32.Rd1xd5 Ra7c7
33.a4 Rc7c2
34.Kf1 Rc2c5
35.Rd5xd7 Ne5xd7
36.Bb5xd7 Rc5c3
37.Kf2 Rc3xb3
38.Bd7b5 h5
39.h4 Kg7
40.Kg2 Kf6
41.Kf2 g5
42.hxg5 Kxg5
43.Bb5c4 Rb3b2
44.Kf3 f6
45.Bc4e6 Rb2b4
46.Be6d7 h4
47.gxh4 Rb4xh4
48.Kg3 Rh4d4
49.Bd7b5 f5
{ abandon }0-1

[Event "Memorial Lara CIV"]
[Site "www.echecsemail.com"]
[Date "2026.02.13"]
[Round "1"]
[White "Pgo"]
[Black "Alain64"]
[WhiteElo "1710"]
[BlackElo "2090"]
[Result "0-1"]
1.e4 c5
2.Ng1f3 e6
3.Bf1c4 Nb8c6
4.d3 d5
5.Bc4b5 dxe4
6.Nf3e5 Qd8c7
7.Ne5xc6 bxc6
8.Bb5c4 exd3
9.Bc4xd3 Ng8f6
10.O-O Bf8d6
11.Bc1g5 Bd6xh2
12.Kh1 Bh2d6
13.Nb1c3 Bd6e7
14.Qd1f3 h6
15.Bg5h4 O-O
16.Bh4g3 Be7d6
17.Bg3xd6 Qc7xd6
18.Bd3e4 Nf6xe4
19.Nc3xe4 Qd6e7
20.Rf1d1 Bc8b7
21.Rd1d2 Ra8d8
22.Ra1d1 c4
23.Rd2xd8 Rf8xd8
24.c3 Qe7h4
25.Kg1 Rd8xd1
26.Qf3xd1 Qh4xe4
27.f3 Qe4e3
28.Kf1 c5
29.Qd1d8 Kh7
30.Qd8d1 e5
31.a3 e4
32.fxe4 Bb7xe4
33.a4 Be4d3
{ abandon }0-1

[Event "Défi( 10J+24H/c 10J Max )"]
[Site "www.echecsemail.com"]
[Date "2026.02.13"]
[Round "1"]
[White "Sierra117"]
[Black "Gonzok67"]
[WhiteElo "1650"]
[BlackElo "1890"]
[Result "1/2-1/2"]
1.e4 c5
2.d4 cxd4
3.Qd1xd4 Nb8c6
4.Qd4a4 e6
5.a3 a6
6.c4 Ng8f6
7.Nb1c3 d6
8.Bc1g5 Bc8d7
9.Qa4d1 Nc6e5
10.Ng1f3 Ne5xf3
11.Qd1xf3 Bd7c6
12.Bf1e2 Bf8e7
13.O-O O-O
14.Rf1d1 Qd8c7
15.h3 Nf6e8
16.Bg5f4 e5
17.Bf4g3 f5
18.Qf3d3 f4
19.Bg3h2 Ne8f6
20.b4 b6
21.b5 axb5
22.cxb5 Bc6b7
23.Nc3d5 Nf6xd5
24.exd5 Ra8a4
25.Rd1c1 Qc7d7
26.Qd3b3 Rf8a8
27.Kh1 Be7f6
28.Ra1a2 Qd7f7
29.Be2c4 Bf6g5
30.f3 Bg5f6
31.Bh2g1 Qf7c7
32.Rc1c2 Ra4a5
33.a4 Bf6d8
34.Qb3b4 Qc7e7
35.Bc4b3 Ra8c8
36.Rc2xc8 Bb7xc8
37.Ra2c2 Bc8f5
38.Rc2c1 Ra5a8
39.a5 Ra8xa5
40.Rc1c6 Ra5a1
41.Qb4xd6 Qe7xd6
42.Rc6xd6 Bd8c7
43.Rd6c6 Bc7d8
44.Kh2 Ra1b1
45.Bb3c4 Kf8
46.Bg1xb6 Bd8xb6
47.Rc6xb6 g5
48.d6 Ke8
49.Rb6b8 Kd7
50.Rb8b6 Bf5c2
51.Bc4d5 Rb1d1
52.Rb6c6 Rd1xd5
53.Rc6xc2 Rd5xb5
54.Rc2c7 Kxd6
55.Rc7xh7 Ke6
{ nul }1/2-1/2

[Event "Défi( 10J+24H/c 10J Max )"]
[Site "www.echecsemail.com"]
[Date "2026.02.13"]
[Round "1"]
[White "Utopia65"]
[Black "Ngeorget"]
[WhiteElo "1520"]
[BlackElo "2780"]
[Result "0-1"]
1.d4 d5
2.e3 Ng8f6
3.Ng1f3 c5
4.c3 e6
5.Bf1b5 Nb8c6
6.Nf3e5 Qd8c7
7.f4 a6
8.Bb5xc6 bxc6
9.Nb1d2 Bf8d6
10.O-O O-O
11.Nd2f3 a5
12.Qd1a4 cxd4
13.exd4 Nf6e4
14.Ne5xc6 Bc8d7
15.Nf3e5 Bd7e8
16.Rf1f3 f6
17.b4 fxe5
18.dxe5 Be8xc6
19.Qa4b3 Bd6xe5
20.fxe5 Rf8xf3
21.gxf3 Qc7b6
22.Kg2 Qb6f2
23.Kh3 Qf2xf3
24.Kh4 Ne4f2
25.h3 Qf3xh3
26.Kg5 Qh3g4
0-1

[Event "Défi( 10J+24H/c 10J Max )"]
[Site "www.echecsemail.com"]
[Date "2026.02.13"]
[Round "1"]
[White "Jmarcboury"]
[Black "Emmanuel"]
[WhiteElo "2270"]
[BlackElo "1970"]
[Result "1-0"]
1.d4 f5
2.c4 Ng8f6
3.Nb1c3 g6
4.Ng1f3 Bf8g7
5.g3 O-O
6.Bf1g2 d6
7.O-O Qd8e8
8.Rf1e1 Qe8f7
9.e4 Qf7xc4
10.exf5 Bc8xf5
11.Re1xe7 Nb8d7
12.Bg2f1 Qc4b4
13.a3 Qb4b6
14.Nf3h4 Bf5g4
15.f3 g5
16.Bc1xg5 Bg4h5
17.Nh4f5 Bh5f7
18.b4 c6
19.Nc3a4 Qb6c7
20.Nf5xg7 Kxg7
21.Bf1h3 Ra8d8
22.Bg5xf6 Kxf6
23.Qd1e2 Rf8e8
24.Ra1e1 Re8xe7
25.Qe2xe7 Kg7
26.Qe7g5 Kh8
27.Re1e7 Rd8g8
28.Qg5f4 Bf7g6
29.Re7xd7 { abandon }1-0

[Event "Défi"]
[Site "www.echecsemail.com"]
[Date "2026.02.13"]
[Round "1"]
[White "Pourquoipas"]
[Black "Wenoketo"]
[WhiteElo "1640"]
[BlackElo "1740"]
[Result "1-0"]
1.f4 d5
2.Ng1f3 Ng8f6
3.e3 Bc8g4
4.Bf1e2 Bg4xf3
5.Be2xf3 e6
6.b3 Bf8e7
7.Bc1b2 O-O
8.O-O Nb8d7
9.Qd1e1 h6
10.Nb1c3 a6
11.Nc3e2 Ra8c8
12.Qe1g3 Kh8
13.Kh1 Nf6h7
14.Qg3xg7 1-0

[Event "Eq:Pirates du Mat-O fou d hello :"]
[Site "www.echecsemail.com"]
[Date "2026.02.13"]
[Round "1"]
[White "Sanvic76"]
[Black "Roka"]
[WhiteElo "1820"]
[BlackElo "2120"]
[Result "0-1"]
1.d4 d6
2.e4 Ng8f6
3.Nb1c3 c6
4.Bf1c4 b5
5.Bc4b3 b4
6.e5 bxc3
7.exf6 cxb2
8.Bc1xb2 exf6
9.Ng1f3 Bf8e7
10.O-O O-O
11.Qd1d3 Bc8g4
12.c4 Nb8d7
13.Nf3h4 Bg4h5
14.Nh4f5 Bh5g6
15.Bb3c2 Rf8e8
16.a4 Be7f8
17.Qd3f3 Qd8c7
18.a5 Bg6xf5
19.Qf3xf5 g6
20.Qf5g4 Bf8g7
21.Bb2c3 Ra8b8
22.Ra1e1 c5
23.d5 Nd7e5
24.Qg4h4 Qc7d8
25.Bc3d2 Rb8b2
26.Re1c1 Qd8d7
27.Bd2c3 Rb2b8
28.Bc3d2 Qd7g4
29.Qh4xg4 Ne5xg4
30.h3 Ng4e5
31.Bc2d1 f5
32.Bd1a4 Re8d8
33.f4 Ne5d3
34.Rc1c2 Bg7d4
35.Kh2 Rb8b2
36.Rc2xb2 Nd3xb2
37.Ba4b5 Nb2d3
38.Rf1f3 Nd3b4
39.Bd2xb4 cxb4
40.h4 Rd8b8
41.Rf3b3 Bd4c5
42.Kg3 Rb8b7
43.Kf3 Rb7e7
44.g3 h6
45.Bb5a6 Re7e1
46.Ba6b5 Re1a1
47.Ke2 Ra1a3
48.Rb3d3 Ra3xa5
49.Kd2 Ra5a2
50.Kc1 a5
51.Kb1 Ra2e2
52.Rd3b3 Re2e3
53.Kb2 Re3e2
54.Kc1 Re2e4
55.Kc2 Kg7
56.Rb3f3 a4
57.Bb5xa4 Re4xc4
58.Kb3 Rc4e4
59.Kb2 Re4e3
60.Ba4d1 Re3xf3
61.Bd1xf3 Bc5f2
62.g4 fxg4
63.Bf3xg4 Bf2xh4
64.f5 h5
65.Bg4h3 g5
66.Bh3f1 Kf6
67.Bf1d3 Ke5
68.Bd3c4 Kxf5
69.Kc2 Bh4f2
70.Kd3 Ke5
71.Ke2 Bf2c5
72.Kf3 f5
{ abandon }0-1

[Event "Tournoi n27465"]
[Site "www.echecsemail.com"]
[Date "2026.02.13"]
[Round "1"]
[White "Tiounet"]
[Black "Wenoketo"]
[WhiteElo "1600"]
[BlackElo "1740"]
[Result "0-1"]
1.a3 d5
2.b4 Ng8f6
3.Bc1b2 Bc8f5
4.Ng1f3 e6
5.g3 Bf8e7
6.Bf1g2 h6
7.O-O O-O
8.Nf3d4 Bf5h7
9.Rf1e1 Nb8d7
10.d3 Ra8c8
11.Nb1d2 c6
12.c4 dxc4
13.Nd2xc4 Nf6d5
14.Ra1c1 Be7f6
15.Qd1d2 Nd7b6
16.Nc4xb6 Qd8xb6
17.Nd4f3 Bf6xb2
18.Qd2xb2 Nd5f6
19.Nf3e5 Rc8d8
20.Ne5c4 Qb6b5
21.Rc1a1 Qb5h5
22.Nc4a5 Rd8d7
23.Ra1d1 Nf6g4
24.Bg2f3 Qh5xh2
25.Kf1 Qh2xf2
0-1

[Event "CHATURANGA"]
[Site "www.echecsemail.com"]
[Date "2026.02.13"]
[Round "1"]
[White "Leredoutable"]
[Black "Casisimed"]
[WhiteElo "1750"]
[BlackElo "1590"]
[Result "1-0"]
1.e4 e5
2.Ng1f3 Ng8f6
3.Bf1c4 Bf8c5
4.O-O O-O
5.Nb1c3 d6
6.d3 Bc8g4
7.Bc1g5 h6
8.Bg5h4 g5
9.Bh4g3 c6
10.h3 Bg4e6
11.Bc4xe6 fxe6
12.d4 exd4
13.Nf3xd4 e5
14.Nd4e6 Qd8b6
15.Ne6xf8 Kxf8
16.Nc3a4 Qb6c7
17.Na4xc5 dxc5
18.c4 Nf6xe4
19.Bg3h2 Nb8d7
20.Qd1h5 Qc7d6
21.Ra1d1 Qd6e6
22.f3 Ne4f6
23.Qh5xh6 Ke7
24.Qh6g7 Qe6f7
25.Qg7xg5 Qf7xc4
26.Bh2xe5 Qc4e2
27.Be5xf6 Nd7xf6
28.Rf1e1 Qe2xe1
29.Rd1xe1 Kf7
30.Qg5xc5 Nf6h5
31.Qc5e7 Kg6
32.Re1e6 { abandon }1-0

[Event "Défi"]
[Site "www.echecsemail.com"]
[Date "2026.02.13"]
[Round "1"]
[White "Ephixe"]
[Black "Intrigue"]
[WhiteElo "1810"]
[BlackElo "1720"]
[Result "1-0"]
1.e4 c5
2.Ng1f3 g6
3.Bf1c4 Bf8g7
4.d3 Nb8c6
5.Nf3g5 e6
6.Qd1f3 Qd8e7
7.Nb1c3 h6
8.Ng5h3 Nc6e5
9.Qf3g3 Ne5xc4
10.dxc4 d6
11.O-O Bc8d7
12.Bc1f4 e5
13.Nc3d5 Qe7d8
14.Bf4d2 Ng8f6
15.Nd5xf6 Bg7xf6
16.f4 exf4
17.Qg3xf4 Bf6d4
18.Kh1 O-O
19.c3 Bd7xh3
20.gxh3 Bd4e5
21.Qf4xh6 Be5g7
22.Qh6e3 Ra8c8
23.Qe3g3 Bg7e5
24.Qg3g4 Rc8c7
25.Bd2g5 Qd8d7
26.Qg4g2 Be5g7
27.h4 Rc7c8
28.h5 f6
29.h6 Bg7h8
30.Bg5d2 Kh7
31.Rf1f3 f5
32.exf5 Rf8xf5
33.Ra1f1 Rf5xf3
34.Rf1xf3 Bh8e5
35.Qg2f1 Qd7c6
36.Kg1 Rc8c7
37.b3 Qc6e8
38.h4 Qe8e6
39.Bd2g5 d5
40.cxd5 Qe6xd5
41.c4 Qd5d4
42.Bg5e3 Qd4xh4
43.Qf1g2 Qh4e1
44.Qg2f1 Qe1xf1
45.Rf3xf1 b6
46.Kg2 Rc7d7
47.Rf1f2 a5
48.Rf2e2 Be5d4
49.Be3f4 Rd7f7
50.Kg3 Rf7b7
51.Kg4 b5
52.cxb5 Rb7xb5
53.Re2e7 Kg8
54.h7 Kh8
55.Kg5 Rb5b6
56.Bf4e5 Bd4xe5
57.Re7xe5 Kxh7
58.Re5xc5 Rb6a6
59.a3 a4
60.b4 Kg7
61.Rc5a5 Ra6e6
62.Ra5xa4 Re6e5
63.Kf4 Re5f5
64.Kg4 Kh6
65.Ra4a5 Rf5f1
66.Ra5d5 Rf1g1
67.Kf3 Rg1f1
68.Kg2 Rf1a1
69.Rd5d3 g5
70.b5 Kh5
71.Rd3b3 Ra1a2
72.Kg3 Ra2d2
73.b6 Rd2d7
74.b7 Rd7d8
75.b8Q { abandon }1-0

[Event "Eq:Les enfants de l Atlantide-Pirates du Mat :"]
[Site "www.echecsemail.com"]
[Date "2026.02.13"]
[Round "1"]
[White "Breton"]
[Black "Ohtani"]
[WhiteElo "1970"]
[BlackElo "2009"]
[Result "1-0"]
1.d4 d5
2.Ng1f3 Ng8f6
3.c4 dxc4
4.e3 e6
5.Bf1xc4 a6
6.O-O c5
7.Qd1c2 b5
8.Bc4e2 Nb8d7
9.dxc5 Bf8xc5
10.Rf1d1 O-O
11.b3 Qd8e7
12.Bc1b2 Bc8b7
13.a4 bxa4
14.Ra1xa4 Rf8d8
15.Nb1d2 Nd7b6
16.Ra4h4 h6
17.Bb2xf6 { abandon }1-0

[Event "Gisèle 2"]
[Site "www.echecsemail.com"]
[Date "2026.02.13"]
[Round "1"]
[White "Turbo"]
[Black "Intrigue"]
[WhiteElo "1360"]
[BlackElo "1680"]
[Result "1-0"]
1.d4 Ng8f6
2.e3 e6
3.a3 d5
4.h3 Bf8e7
5.Ng1f3 O-O
6.Bf1d3 h6
7.O-O Nb8c6
8.b4 Bc8d7
9.Nb1d2 a6
10.Bc1b2 Rf8e8
11.c3 Be7d6
12.Bd3b1 b5
13.Qd1c2 g6
14.Nf3h4 Nf6e4
15.Nd2xe4 dxe4
16.Nh4xg6 fxg6
17.Qc2xe4 Nc6e7
18.c4 bxc4
19.d5 e5
20.f4 Bd7f5
21.Qe4f3 Bf5xb1
22.Ra1xb1 exf4
23.exf4 Re8f8
24.Qf3c3 Ne7f5
25.g4 Qd8e7
26.gxf5 Rf8f6
27.Rb1e1 Qe7g7
28.Qc3xf6 Qg7xf6
29.Bb2xf6 gxf5
30.Rf1f3 Kf7
31.Bf6h4 Ra8g8
32.Kf2 h5
33.Re1c1 { abandon }1-0